[Event "Panevezys Elite op"]
[Site "Panevezys"]
[Date "2019.06.29"]
[Round "8"]
[White "Brazdzionis, Andrius"]
[Black "Gleizerov, Evgeny"]
[Result "1/2-1/2"]
[WhiteElo "2337"]
[BlackElo "2495"]
[PlyCount "60"]
[EventDate "2019.06.24"]
[EventType "swiss"]
[EventRounds "9"]
[EventCountry "LTU"]
[SourceTitle "CBM 191 Extra"]
[Source "ChessBase"]
[SourceDate "2019.09.30"]
[SourceVersion "1"]
[SourceVersionDate "2019.09.30"]
[SourceQuality "1"]

1. d4 e6 2. c4 f5 3. Nc3 Nf6 4. e3 d5 5. Bd3 c6 6. Nge2 Bd6 7. f3 0-0 8. Qc2 dxc4 9. Bxc4 Kh8 10. 0-0 Qe7 11. Bd2 Nbd7 12. Bb3 a6 13. Nf4 Nd5 14. Rae1 N7f6 15. Nd3 Qc7 16. h3 Bd7 17. Qc1 Nxc3 18. Bxc3 Nh5 19. f4 Ng3 20. Rf3 Ne4 21. Bb4 Bxb4 22. Nxb4 c5 23. Nd3 Rac8 24. dxc5 Nxc5 25. Qxc5 Qxc5 26. Nxc5 Rxc5 27. Rd1 Bc6 28. Rf2 e5 29. Rfd2 g6 30. Bd5 exf4 1/2-1/2